| 000 | 00889cab a2200241 4500 | ||
|---|---|---|---|
| 001 | WB3428-33 | ||
| 008 | 090401t1998 xxu||||| |||| 00| 0 eng d | ||
| 035 | _a(Sirsi) u87640 | ||
| 041 | _aeng | ||
| 245 | _aDraft environmental impact regs | ||
| 260 | _c1998 | ||
| 350 | _a0 | ||
| 490 |
_aDETR News Release _v(609) 21 July 1998 (2) |
||
| 520 | _aThe environmental impact of a wider range of planning applications will be assessed in a more streamlined way under new draft regulations. The regulations will amend EIA Directive (97/11/EC) and will be implemented by 14 March 1999. Copies available on the Internet at www.detr.gov.uk | ||
| 650 | _aDRAFT REGULATIONS | ||
| 650 | _aEC DIRECTIVE | ||
| 650 | _aENVIRONMENTAL IMPACT ASSESSMENTS | ||
| 650 | _aPLANNING APPLICATIONS | ||
| 650 | _aREFORM | ||
| 690 | _aPLANNING LAW AND PRACTICE | ||
| 942 | _n0 | ||
| 948 | _c24/07/1998 | ||
| 999 |
_c55292 _d55292 |
||